| 000 | 00372nam a22001217a 4500 | ||
|---|---|---|---|
| 999 |
_c8527 _d8527 |
||
| 008 | 200316b ||||| |||| 00| 0 eng d | ||
| 100 | _aVyas, Suresh P. | ||
| 245 | _aControlled Drug Delivery | ||
| 250 |
_a2nd _b2012 |
||
| 260 |
_aNew Delhi _bVallabh Prakashan |
||
| 650 | _aPharmaceutics- Drug Delivery Systems,Pharmaceutical Engineering regulraty Science | ||
| 942 |
_2ddc _cBK |
||